00602nam a2200181 i 450000100060000000300090000600500170001500700030003200800410003510000430007624500530011925000120017226000430018430000220022785200320024999900170028195201220029849262ES-MaACL20230906161920.0t|030711s1970 sp ||||1| spa d1 aCortejoso Villanueva, Leopoldo.94084113aLa feria de los milagros / cLeopoldo Cortejoso. a1ยช ed. aBarcelona : bLuis de Caralt, c[1970] a328 p. ; c20 cm. aES-MaACLjC-39626 bR.75958 c49262d49262 00104070aATENEOMbATENEOMcDEPO2d2008-01-17eSCl0oC-39626p1051840r2023-02-23 00:00:00w2023-02-23yMONOGRAFIA